[Event "4NCL/Div4/SLO3 vs. CAMB"]
[Site "West Bromwich ENG"]
[Date "2004.05.30"]
[Round "8.6"]
[White "Garner, David"]
[Black "Tweedie, Chris"]
[Result "1-0"]
[WhiteElo "2168"]
[BlackElo "2039"]
[PlyCount "49"]
[EventDate "2004.05.30"]

1. e4 e5 2. Nf3 Nc6 3. Bb5 a6 4. Ba4 Nf6 5. O-O b5 6. Bb3 Bc5 7. c3 d6 8. d4
Bb6 9. h3 h6 10. Be3 Bb7 11. Nbd2 O-O 12. dxe5 dxe5 13. Bxb6 cxb6 14. Qe2 Qc7
15. Rfd1 Na5 16. Bc2 Nc4 17. Nxc4 bxc4 18. Rd2 Rad8 19. Rad1 Rxd2 20. Rxd2 b5
21. Qe3 Re8 22. Nh4 Qc6 23. Nf5 Kh7 24. Rd6 Qc8 25. Rxf6 1-0

[Event "4NCL/Div4/PONTY vs. BCA"]
[Site "West Bromwich ENG"]
[Date "2004.05.30"]
[Round "8.1"]
[White "Davies, Peter L"]
[Black "Mordue, A Tyson"]
[Result "0-1"]
[WhiteElo "2018"]
[BlackElo "2284"]
[PlyCount "80"]
[EventDate "2004.05.30"]

1. c4 g6 2. Nc3 Bg7 3. g3 d6 4. Bg2 e5 5. e4 Nc6 6. d3 Be6 7. Nge2 Nge7 8. Nd5
f5 9. Bg5 O-O 10. Qd2 Qd7 11. Rc1 Rf7 12. f4 Raf8 13. O-O fxe4 14. dxe4 Nc8 15.
Ne3 Bh3 16. fxe5 Nxe5 17. Bf4 Bxg2 18. Kxg2 Re8 19. Bxe5 Rxe5 20. Rxf7 Qxf7 21.
Rf1 Qe6 22. Nc3 Rh5 23. Qf2 c6 24. b3 Nb6 25. g4 Re5 26. h3 Nd7 27. Nc2 Nc5 28.
Nd4 Qe7 29. Re1 Nd3 30. Qe3 Nxe1+ 31. Qxe1 Qe8 32. Nf3 Re7 33. Qd2 Bxc3 34.
Qxc3 Rxe4 35. Qf6 Qf8 36. Qc3 Qf4 37. Qd3 Re3 38. Qd1 Kf7 39. Qf1 Ke6 40. Qd1
Qxf3+ 0-1

[Event "4NCL/Div4/PONTY vs. BCA"]
[Site "West Bromwich ENG"]
[Date "2004.05.30"]
[Round "8.2"]
[White "Ross, Chris"]
[Black "White, Ian G"]
[Result "1-0"]
[WhiteElo "2133"]
[BlackElo "2018"]
[PlyCount "99"]
[EventDate "2004.05.30"]

1. d4 f5 2. c4 g6 3. g3 Nf6 4. Bg2 Bg7 5. Nc3 d6 6. Nf3 O-O 7. O-O Nc6 8. d5
Ne5 9. Nxe5 dxe5 10. e4 f4 11. h3 g5 12. g4 e6 13. Qe2 Qe7 14. Bd2 a6 15. Rfc1
Bd7 16. a3 Qf7 17. f3 Rfe8 18. Be1 Bf8 19. Bf2 exd5 20. Nxd5 Be6 21. Qc2 c6 22.
Nb6 Rad8 23. Rd1 Qc7 24. Bf1 Rxd1 25. Rxd1 Rd8 26. Rxd8 Qxd8 27. c5 Ne8 28. Bc4
Nc7 29. Qc3 Bg7 30. Qb3 Kf7 31. Bxe6+ Nxe6 32. Nc4 Qc7 33. Nd6+ Ke7 34. Nf5+
Kf6 35. Nd6 Qd7 36. Qxb7 Qxb7 37. Nxb7 Nd4 38. Bxd4 exd4 39. Na5 d3 40. Kf1 Ke6
41. Nc4 Bd4 42. Ke1 Bxc5 43. Kd2 Bd4 44. Kxd3 Bf6 45. b3 h6 46. a4 Bg7 47. Na3
Bb2 48. Nc2 Bf6 49. Kc4 Be7 50. Nb4 1-0

[Event "4NCL/Div4/PONTY vs. BCA"]
[Site "West Bromwich ENG"]
[Date "2004.05.30"]
[Round "8.3"]
[White "Robinson, David"]
[Black "Chambers, Colin"]
[Result "1-0"]
[WhiteElo "2045"]
[BlackElo "1856"]
[PlyCount "87"]
[EventDate "2004.05.30"]

1. e4 c5 2. Nf3 Nc6 3. d4 cxd4 4. c3 dxc3 5. Nxc3 d6 6. Bc4 e6 7. O-O Be7 8.
Qe2 a6 9. Rd1 Qc7 10. Be3 Nf6 11. Rac1 O-O 12. Bb3 Qb8 13. Na4 Nd7 14. Nb6 Nxb6
15. Bxb6 Bd8 16. Qe3 Bd7 17. Rd2 Bxb6 18. Qxb6 Rd8 19. Rcd1 Be8 20. a3 Qa7 21.
Qxa7 Nxa7 22. Rxd6 Rxd6 23. Rxd6 Nc6 24. e5 Kf8 25. Bc2 h6 26. Be4 Rc8 27. h4
Ke7 28. Bxc6 Rxc6 29. Rxc6 Bxc6 30. Nd4 Bd5 31. f4 h5 32. Kf2 Kd7 33. g3 Kc7
34. Ke3 b5 35. b4 Kb6 36. f5 exf5 37. Nxf5 g6 38. Kd4 Be6 39. Ng7 Kc6 40. Nxe6
fxe6 41. Ke4 Kd7 42. Kf4 Kc6 43. Kg5 Kd5 44. Kf6 1-0

[Event "4NCL/Div4/PONTY vs. BCA"]
[Site "West Bromwich ENG"]
[Date "2004.05.30"]
[Round "8.4"]
[White "Armstrong, William G"]
[Black "Gwynne, David"]
[Result "1-0"]
[WhiteElo "1720"]
[BlackElo "2023"]
[PlyCount "47"]
[EventDate "2004.05.30"]

1. d4 Nf6 2. Bg5 c5 3. dxc5 Qa5+ 4. Bd2 Qxc5 5. Nc3 d5 6. e3 a6 7. Nf3 Nc6 8.
a3 b5 9. Bd3 e5 10. e4 d4 11. b4 Qd6 12. Ne2 Bb7 13. Ng3 g6 14. O-O Bg7 15. Qc1
h5 16. Nh4 Nd7 17. f4 Qe7 18. f5 Qd6 19. fxg6 fxg6 20. Bg5 Ne7 21. Bxe7 Kxe7
22. Nhf5+ gxf5 23. Nxf5+ Ke6 24. Nxg7+ 1-0

[Event "4NCL/Div4/PONTY vs. BCA"]
[Site "West Bromwich ENG"]
[Date "2004.05.30"]
[Round "8.5"]
[White "Jones, Derek C"]
[Black "Murphy, Richard L"]
[Result "1-0"]
[WhiteElo "1944"]
[BlackElo "1376"]
[PlyCount "93"]
[EventDate "2004.05.30"]

1. d4 Nf6 2. c4 e5 3. dxe5 Ng4 4. Nf3 Bc5 5. e3 Nc6 6. Nc3 O-O 7. Be2 Ngxe5 8.
O-O d6 9. Nd4 Bd7 10. f4 Ng6 11. Nd5 Bxd4 12. exd4 Nge7 13. Nxe7+ Nxe7 14. Bf3
Rb8 15. Bd2 Re8 16. d5 Nf5 17. Bc3 Ne3 18. Qd4 Qf6 19. Qxf6 gxf6 20. Rfe1 Nxc4
21. b3 Nb6 22. Bxf6 Rxe1+ 23. Rxe1 Re8 24. Rxe8+ Bxe8 25. Bd8 c6 26. Bxb6 axb6
27. dxc6 bxc6 28. Kf2 Bd7 29. Ke3 f6 30. Kd4 Kf7 31. a4 Ke7 32. Bd1 d5 33. b4
Kd6 34. g4 c5+ 35. bxc5+ bxc5+ 36. Kd3 Kc7 37. g5 fxg5 38. fxg5 Kd6 39. h4 Ke5
40. h5 Kf4 41. g6 hxg6 42. h6 Bf5+ 43. Kd2 g5 44. a5 d4 45. a6 g4 46. Bxg4 Be4
47. a7 1-0

[Event "4NCL/Div4/PONTY vs. BCA"]
[Site "West Bromwich ENG"]
[Date "2004.05.30"]
[Round "8.6"]
[White "Williams, Robin"]
[Black "James, Dai"]
[Result "1-0"]
[WhiteElo "1160"]
[BlackElo "2024"]
[PlyCount "69"]
[EventDate "2004.05.30"]

1. d4 Nf6 2. c4 g6 3. Nc3 c5 4. d5 e6 5. e4 exd5 6. cxd5 d6 7. Bd3 Bg7 8. h3
O-O 9. Nge2 a6 10. O-O b5 11. Ng3 Nbd7 12. Bg5 h6 13. Bf4 Qb6 14. Qd2 Kh7 15.
Rae1 Bb7 16. h4 h5 17. Bc2 Rae8 18. Bg5 Ne5 19. b3 Kg8 20. Bh6 Neg4 21. Bxg7
Kxg7 22. Nd1 Re7 23. f3 Nh6 24. Nf2 Rfe8 25. f4 b4 26. f5 a5 27. fxg6 fxg6 28.
Nh3 Nhg4 29. Nf4 c4+ 30. Kh1 c3 31. Nfxh5+ Kh8 32. Qg5 gxh5 33. Nxh5 Rg8 34.
Qf5 Nxh5 35. Qxh5+ 1-0

[Event "4NCL/Div4/HKF2 vs. BRJ"]
[Site "West Bromwich ENG"]
[Date "2004.05.30"]
[Round "8.1"]
[White "Ogunshola, Ben"]
[Black "Richmond, Peter A"]
[Result "1/2-1/2"]
[WhiteElo "2178"]
[BlackElo "2251"]
[PlyCount "57"]
[EventDate "2004.05.30"]

1. c4 c6 2. Nf3 d5 3. b3 Nf6 4. Bb2 g6 5. g3 Bg7 6. Bg2 O-O 7. O-O Re8 8. d4
Qb6 9. Nbd2 a5 10. Ne5 Nbd7 11. e4 Nxe5 12. dxe5 Nxe4 13. cxd5 cxd5 14. Nxe4
dxe4 15. Bxe4 Bh3 16. Re1 Rad8 17. Qf3 Rd2 18. Bc3 Bg4 19. Qe3 Qxe3 20. Rxe3
Rd7 21. Bd3 Rc7 22. Bc4 a4 23. Rae1 axb3 24. axb3 Bf5 25. f3 h5 26. h4 Bh6 27.
f4 Bf8 28. e6 fxe6 29. R1e2 1/2-1/2

[Event "4NCL/Div4/HKF2 vs. BRJ"]
[Site "West Bromwich ENG"]
[Date "2004.05.30"]
[Round "8.2"]
[White "Haydon, Richard"]
[Black "Chipanga, Takaedza"]
[Result "1/2-1/2"]
[WhiteElo "2197"]
[BlackElo "2170"]
[PlyCount "51"]
[EventDate "2004.05.30"]

1. Nf3 d5 2. g3 Nf6 3. Bg2 c6 4. b3 Bg4 5. Bb2 Nbd7 6. d3 Bxf3 7. Bxf3 e5 8.
O-O Bd6 9. c4 d4 10. e3 dxe3 11. fxe3 O-O 12. Nc3 Qe7 13. a3 a5 14. Qe2 Nc5 15.
Qc2 Rfe8 16. b4 Ne6 17. c5 Bc7 18. Rae1 h5 19. Ne4 Nxe4 20. Bxe4 Ng5 21. Qg2
axb4 22. axb4 Nxe4 23. Qxe4 Ra2 24. Rf2 Qe6 25. Ref1 Rf8 26. d4 1/2-1/2

[Event "4NCL/Div4/HKF2 vs. BRJ"]
[Site "West Bromwich ENG"]
[Date "2004.05.30"]
[Round "8.3"]
[White "Gueneau, Christophe"]
[Black "Headlong, Timothy"]
[Result "0-1"]
[WhiteElo "2117"]
[BlackElo "2196"]
[PlyCount "80"]
[EventDate "2004.05.30"]

1. c4 e6 2. Nf3 d5 3. g3 c5 4. Bg2 Nc6 5. O-O Nf6 6. cxd5 exd5 7. d4 Be7 8.
dxc5 Bxc5 9. b3 O-O 10. Bb2 Re8 11. Nc3 Bg4 12. Rc1 Bf8 13. h3 Bh5 14. Re1 Qa5
15. a3 Rac8 16. b4 Qd8 17. g4 Bg6 18. Nb5 Be4 19. Nbd4 h5 20. g5 Nh7 21. h4 f6
22. g6 Bxg6 23. Bh3 a6 24. Nxc6 Rxc6 25. Rxc6 bxc6 26. Nd4 Re4 27. Bg2 c5 28.
bxc5 Bxc5 29. e3 Bxd4 30. Bxd4 Rxh4 31. Qb3 Be4 32. f3 Bf5 33. Bb6 Qd6 34. f4
Rg4 35. Rd1 Be4 36. Rd2 Qc6 37. Kh2 Bxg2 38. Rxg2 Rxg2+ 39. Kxg2 Qb5 40. Qc2
Qxb6 0-1

[Event "4NCL/Div4/HKF2 vs. BRJ"]
[Site "West Bromwich ENG"]
[Date "2004.05.30"]
[Round "8.4"]
[White "Richmond, Jane"]
[Black "Pym, Thomas W"]
[Result "1-0"]
[WhiteElo "2161"]
[BlackElo "2050"]
[PlyCount "61"]
[EventDate "2004.05.30"]

1. e4 c5 2. Nf3 d6 3. c3 Nf6 4. Be2 Nc6 5. d4 cxd4 6. cxd4 g6 7. Nc3 Bg7 8. O-O
O-O 9. Be3 b6 10. Rc1 Bb7 11. d5 Nb8 12. Nd4 Nbd7 13. f3 Rc8 14. Qd2 Re8 15.
Ncb5 Rxc1 16. Rxc1 Qb8 17. b4 e6 18. dxe6 fxe6 19. Nc7 Re7 20. Ncxe6 d5 21.
Nxg7 Kxg7 22. Bh6+ Kg8 23. Nc6 Bxc6 24. Rxc6 dxe4 25. fxe4 Rxe4 26. Qc3 Kf7 27.
Bc4+ Ke7 28. Bg5 Qf8 29. Bd5 Re2 30. Kf1 h6 31. Bxf6+ 1-0

[Event "4NCL/Div4/HKF2 vs. BRJ"]
[Site "West Bromwich ENG"]
[Date "2004.05.30"]
[Round "8.5"]
[White "Fowler, Simon"]
[Black "Bareham, David"]
[Result "1/2-1/2"]
[WhiteElo "2119"]
[BlackElo "2104"]
[PlyCount "80"]
[EventDate "2004.05.30"]

1. d4 d6 2. e4 g6 3. Nc3 Bg7 4. Be3 Nd7 5. Qd2 a6 6. f4 b5 7. Nf3 Bb7 8. Bd3 e6
9. e5 Bxf3 10. gxf3 d5 11. O-O-O Nb6 12. Rdg1 Nc4 13. Qe1 h5 14. Bf2 Bh6 15.
Ne2 Ne7 16. Bh4 Qd7 17. Bf6 Rf8 18. Bg5 Bxg5 19. fxg5 O-O-O 20. Qb4 Nc6 21. Qc5
Nb8 22. a4 bxa4 23. Bxc4 dxc4 24. Qxc4 Qb5 25. Qxb5 axb5 26. Rd1 Nc6 27. c3 Na5
28. Ng3 Kb7 29. Ne4 Kb6 30. Nc5 Nb7 31. Nxb7 Kxb7 32. Kc2 Rd5 33. Rhe1 Rfd8 34.
Re4 c5 35. Rf4 R8d7 36. Rd3 c4 37. Rd2 Kc6 38. Re2 Ra7 39. Ree4 Rdd7 40. Rf6
Kd5 1/2-1/2

[Event "4NCL/Div4/HKF2 vs. BRJ"]
[Site "West Bromwich ENG"]
[Date "2004.05.30"]
[Round "8.6"]
[White "Bourne, Johnathan"]
[Black "Dupré, Paul D"]
[Result "1/2-1/2"]
[WhiteElo "2032"]
[BlackElo "2048"]
[PlyCount "33"]
[EventDate "2004.05.30"]

1. e4 e6 2. d4 d5 3. Nc3 Nf6 4. Bg5 Be7 5. e5 Nfd7 6. h4 a6 7. Bxe7 Qxe7 8. Qg4
f5 9. Qg5 c5 10. Qxe7+ Kxe7 11. f4 b6 12. Nf3 Nc6 13. O-O-O h5 14. Rh3 Bb7 15.
Ne2 c4 16. Rg3 Rag8 17. c3 1/2-1/2

[Event "4NCL/Div4/GREN vs. MIN2"]
[Site "West Bromwich ENG"]
[Date "2004.05.30"]
[Round "8.1"]
[White "Richards, John E"]
[Black "Parker, Robert"]
[Result "1-0"]
[WhiteElo "2035"]
[BlackElo "2105"]
[PlyCount "67"]
[EventDate "2004.05.30"]

1. e4 e5 2. Bc4 Nf6 3. d3 Nc6 4. Nf3 Bc5 5. c3 d6 6. O-O O-O 7. Bb3 Bg4 8. Nbd2
Qe7 9. h3 Bh5 10. Re1 Bg6 11. Nf1 Nh5 12. g4 Nf4 13. Bxf4 exf4 14. d4 Bb6 15.
e5 dxe5 16. Nxe5 Nxe5 17. Rxe5 Qh4 18. Qf3 c6 19. Rae1 Rac8 20. Nd2 Kh8 21. Qg2
Bc7 22. Re7 Qf6 23. Nf3 Kg8 24. Qf1 h5 25. Qc4 hxg4 26. hxg4 b5 27. Qf1 a6 28.
Qh3 Bd6 29. Kg2 Bd3 30. Rh1 g5 31. Rd7 Kg7 32. Qh5 Be4 33. Bxf7 Rxf7 34. Rxf7+
1-0

[Event "4NCL/Div4/GREN vs. MIN2"]
[Site "West Bromwich ENG"]
[Date "2004.05.30"]
[Round "8.2"]
[White "Horton, Justin"]
[Black "Hardy, Roger"]
[Result "1/2-1/2"]
[WhiteElo "2056"]
[BlackElo "2022"]
[PlyCount "51"]
[EventDate "2004.05.30"]

1. d4 d5 2. Nf3 Nf6 3. c4 e6 4. g3 c6 5. Qc2 Nbd7 6. Bg2 Bd6 7. O-O O-O 8. Nc3
Re8 9. Rd1 b6 10. e4 dxe4 11. Nxe4 Nxe4 12. Qxe4 Bb7 13. Qc2 Qc7 14. Ng5 Nf6
15. c5 bxc5 16. dxc5 Bf8 17. b4 h6 18. Ne4 Nd5 19. Rb1 a5 20. bxa5 Rxa5 21. Bd2
Ra7 22. Rb2 Rea8 23. Rdb1 Bc8 24. Bf1 e5 25. Bc4 Be6 26. Bb3 1/2-1/2

[Event "4NCL/Div4/GREN vs. MIN2"]
[Site "West Bromwich ENG"]
[Date "2004.05.30"]
[Round "8.3"]
[White "Osborne, David"]
[Black "Hawkins, J Nick"]
[Result "1-0"]
[WhiteElo "1864"]
[BlackElo "2045"]
[PlyCount "61"]
[EventDate "2004.05.30"]

1. e4 e5 2. Bc4 Nf6 3. Nc3 Nc6 4. d3 Bb4 5. Bg5 h6 6. Bxf6 Qxf6 7. Nge2 Na5 8.
Bb3 Nxb3 9. axb3 c6 10. O-O g5 11. Ng3 d6 12. Nh5 Qg6 13. g4 Bxc3 14. bxc3 Bd7
15. h3 a6 16. Qf3 Ke7 17. d4 f6 18. Rad1 Rad8 19. Rd3 Bc8 20. Rfd1 Rhf8 21. Ng3
Rf7 22. Qe3 Kf8 23. Nf5 Rfd7 24. c4 h5 25. dxe5 fxe5 26. Qd2 hxg4 27. hxg4 b5
28. Rh3 Rh7 29. Rxh7 Qxh7 30. Qxg5 Bxf5 31. Qxd8+ 1-0

[Event "4NCL/Div4/GREN vs. MIN2"]
[Site "West Bromwich ENG"]
[Date "2004.05.30"]
[Round "8.4"]
[White "Twitchell, Neville H"]
[Black "Egginton, David C"]
[Result "0-1"]
[WhiteElo "2003"]
[BlackElo "1912"]
[PlyCount "72"]
[EventDate "2004.05.30"]

1. e4 c6 2. d4 d5 3. exd5 cxd5 4. c4 Nf6 5. Nc3 e6 6. Nf3 Bb4 7. Qb3 Nc6 8. Bg5
h6 9. Bxf6 Qxf6 10. cxd5 exd5 11. Bb5 Qe7+ 12. Ne5 O-O 13. Bxc6 bxc6 14. O-O
Qd6 15. a3 Ba5 16. Qa4 Bxc3 17. bxc3 c5 18. Rab1 Rd8 19. f4 f6 20. Nd3 cxd4 21.
cxd4 Bf5 22. Rbd1 Bxd3 23. Rxd3 Re8 24. Rc3 Re4 25. g3 Qb6 26. Rd1 Rae8 27. Rc2
Qe6 28. Qa5 Rxd4 29. Rxd4 Qe3+ 30. Kg2 Qxd4 31. Rd2 Qe4+ 32. Kh3 d4 33. Qa4 Rd8
34. Qxa7 Rd5 35. Qa4 Qf3 36. Qc6 Rh5# 0-1

[Event "4NCL/Div4/GREN vs. MIN2"]
[Site "West Bromwich ENG"]
[Date "2004.05.30"]
[Round "8.5"]
[White "Furnevall, Mark"]
[Black "Gibbs, Dominic V"]
[Result "1-0"]
[WhiteElo "1736"]
[BlackElo "1864"]
[PlyCount "79"]
[EventDate "2004.05.30"]

1. e4 c5 2. Nf3 d6 3. d4 cxd4 4. Nxd4 Nf6 5. Nc3 Nc6 6. Bc4 e6 7. Bb3 Be7 8.
O-O a6 9. Be3 Na5 10. f4 e5 11. fxe5 dxe5 12. Nf5 Qxd1 13. Raxd1 Nxb3 14. axb3
Bxf5 15. Rxf5 g6 16. Rxe5 Ng4 17. Rxe7+ Kxe7 18. Nd5+ Ke6 19. Nc7+ Ke5 20. Bd4+
Kxe4 21. Nxa8 Rxa8 22. Bb6 Rc8 23. h3 Rc6 24. Re1+ Kd5 25. c4+ Kd6 26. c5+ Kd5
27. hxg4 Re6 28. Rxe6 fxe6 29. Kf2 Ke4 30. g3 Kd3 31. Bc7 Kc2 32. b4 Kxb2 33.
Ke3 Kc3 34. Ba5 Kc2 35. Ke4 Kd1 36. Kf3 Kc2 37. Ke4 Kd1 38. Ke5 Ke2 39. Kxe6
Kf3 40. g5 1-0

[Event "4NCL/Div4/OXF2 vs. OXF1"]
[Site "West Bromwich ENG"]
[Date "2004.05.30"]
[Round "8.1"]
[White "Milovanovics, Aleksander"]
[Black "Ozeren, Kemal"]
[Result "0-1"]
[WhiteElo "2000"]
[BlackElo "2226"]
[PlyCount "68"]
[EventDate "2004.05.30"]

1. d4 d5 2. c4 c6 3. Nf3 Nf6 4. cxd5 cxd5 5. Nc3 Nc6 6. Bf4 e6 7. e3 Be7 8. Bd3
O-O 9. h3 a6 10. O-O b5 11. Ne5 Bb7 12. Qb1 Rc8 13. g4 h6 14. f3 Nd7 15. Nxd7
Qxd7 16. Qe1 Qd8 17. Qf2 Bf6 18. Rad1 Re8 19. Bg3 e5 20. dxe5 Nxe5 21. Bf5 Rxc3
22. bxc3 Nc4 23. Rd3 g6 24. g5 Bxg5 25. f4 Be7 26. Bxg6 fxg6 27. f5 Rf8 28. Qg2
Bc5 29. Bf4 g5 30. Kh2 Rxf5 31. e4 Rxf4 32. Rxf4 Bd6 33. exd5 Bxf4+ 34. Kg1
Qb6+ 0-1

[Event "4NCL/Div4/OXF2 vs. OXF1"]
[Site "West Bromwich ENG"]
[Date "2004.05.30"]
[Round "8.2"]
[White "Bilalic, Merim"]
[Black "Webster, Ian"]
[Result "1-0"]
[WhiteElo "2290"]
[BlackElo "1856"]
[PlyCount "91"]
[EventDate "2004.05.30"]

1. e4 e6 2. d3 c5 3. g3 b6 4. Bg2 Bb7 5. Nc3 Nf6 6. Nf3 d6 7. O-O Be7 8. h3
Nbd7 9. Be3 a6 10. a4 Qc7 11. Qd2 O-O 12. Nh2 Rad8 13. Rad1 Rfe8 14. Bf4 Qb8
15. g4 Qa8 16. Qe2 Nf8 17. Bg3 N6d7 18. f4 Bf6 19. Nf3 Bd4+ 20. Bf2 Bxf2+ 21.
Qxf2 Ng6 22. Nh4 Nxh4 23. Qxh4 e5 24. f5 f6 25. Qg3 Bc6 26. Rd2 b5 27. axb5
axb5 28. g5 b4 29. Nd1 Kh8 30. Ne3 Rg8 31. g6 Nf8 32. Qh4 Qa7 33. Bf3 c4 34.
Kf2 Be8 35. Bh5 h6 36. Bf3 Bxg6 37. fxg6 Nxg6 38. Qg3 Nf4 39. dxc4 g5 40. Bg4
h5 41. Bf5 Rg7 42. b3 Rdg8 43. Rxd6 g4 44. h4 Nh3+ 45. Ke2 Nf4+ 46. Rxf4 1-0

[Event "4NCL/Div4/OXF2 vs. OXF1"]
[Site "West Bromwich ENG"]
[Date "2004.05.30"]
[Round "8.3"]
[White "McIntosh, Chris"]
[Black "Savage, Ben D"]
[Result "0-1"]
[WhiteElo "1768"]
[BlackElo "2208"]
[PlyCount "68"]
[EventDate "2004.05.30"]

1. Nf3 c5 2. e4 Nc6 3. d4 cxd4 4. Nxd4 Nf6 5. Nc3 e5 6. Nxc6 bxc6 7. Bg5 Be7 8.
Bxf6 Bxf6 9. Bc4 O-O 10. O-O Be7 11. Qd3 a5 12. Na4 Qc7 13. Rfd1 Kh8 14. g4 d6
15. f3 g6 16. Kh1 Rb8 17. b3 Bb7 18. Nc3 Rbd8 19. Rd2 Bg5 20. Rg2 Qb6 21. Rd1
Qe3 22. Qxe3 Bxe3 23. Rd3 Bd4 24. Ne2 d5 25. exd5 cxd5 26. Bb5 Bc5 27. Nc3 e4
28. fxe4 dxe4 29. Rxd8 Rxd8 30. Re2 f5 31. Kg2 e3+ 32. Kg3 Bd6+ 33. Kh4 f4 34.
Nd1 Be7+ 0-1

[Event "4NCL/Div4/OXF2 vs. OXF1"]
[Site "West Bromwich ENG"]
[Date "2004.05.30"]
[Round "8.4"]
[White "Smallbone, Kieran"]
[Black "Ludbrook, Matt"]
[Result "0-1"]
[WhiteElo "2147"]
[BlackElo "1816"]
[PlyCount "74"]
[EventDate "2004.05.30"]

1. e4 e6 2. d4 d5 3. Nc3 Bb4 4. e5 c5 5. a3 Bxc3+ 6. bxc3 Ne7 7. Qg4 O-O 8. Nf3
Qa5 9. Bd2 Qa4 10. Bd3 c4 11. Bxh7+ Kxh7 12. Qh4+ Kg8 13. Qxe7 Qxc2 14. O-O Bd7
15. Rac1 Qd3 16. Rfe1 Re8 17. Qb4 b6 18. Re3 Qg6 19. Nh4 Qg5 20. g3 Nc6 21. Qb2
Qe7 22. f4 Rab8 23. Rf1 b5 24. Be1 a5 25. g4 b4 26. axb4 axb4 27. f5 Qg5 28.
Qf2 bxc3 29. Bxc3 exf5 30. Kh1 f4 31. Rf3 Rb3 32. Nf5 Be6 33. h4 Qg6 34. Kh2
Reb8 35. Qc2 Qxg4 36. Rxf4 Bxf5 37. Qf2 Qh3+ 0-1

[Event "4NCL/Div4/OXF2 vs. OXF1"]
[Site "West Bromwich ENG"]
[Date "2004.05.30"]
[Round "8.5"]
[White "Harrison, Pete R"]
[Black "Coleman, James"]
[Result "0-1"]
[WhiteElo "1600"]
[BlackElo "2187"]
[PlyCount "56"]
[EventDate "2004.05.30"]

1. d4 d5 2. Nf3 Bf5 3. e3 e6 4. c4 Nc6 5. Qb3 Nb4 6. Na3 Nf6 7. Ne5 Be7 8. Bd3
Nxd3+ 9. Nxd3 O-O 10. Bd2 Ne4 11. Bb4 c5 12. Bxc5 Bxc5 13. dxc5 Nxc5 14. Nxc5
Qa5+ 15. Ke2 Qxc5 16. cxd5 exd5 17. Rac1 Qe7 18. Nb5 Qg5 19. Rhg1 Qh5+ 20. f3
Qxh2 21. Nd4 Bg6 22. Qxd5 Rad8 23. Qc5 Rfe8 24. Qxa7 Qe5 25. Nc2 Qb5+ 26. Ke1
Qxb2 27. Qa3 Qxa3 28. Nxa3 Rxe3+ 0-1

[Event "4NCL/Div4/OXF2 vs. OXF1"]
[Site "West Bromwich ENG"]
[Date "2004.05.30"]
[Round "8.6"]
[White "Rawlinson, Aidan"]
[Black "Henbest, Kevin B"]
[Result "1-0"]
[WhiteElo "2056"]
[BlackElo "1520"]
[PlyCount "61"]
[EventDate "2004.05.30"]

1. e4 c5 2. Nf3 d6 3. d4 cxd4 4. Nxd4 Nf6 5. Nc3 a6 6. f3 e5 7. Nb3 Be6 8. Be3
b5 9. Qd2 Nbd7 10. O-O-O Nb6 11. Bxb6 Qxb6 12. g4 d5 13. Nxd5 Nxd5 14. exd5 Rd8
15. Qe1 Bxd5 16. Qxe5+ Be6 17. Rxd8+ Kxd8 18. Bd3 f6 19. Qe2 Bxb3 20. axb3 Bd6
21. Rd1 Re8 22. Be4 Kc7 23. Kb1 g6 24. Qd3 Re5 25. h4 a5 26. f4 Re8 27. Qd5 a4
28. bxa4 bxa4 29. Qc4+ Bc5 30. Qxa4 Rb8 31. Qd7# 1-0

[Event "4NCL/Div4/SXM vs. NOTT"]
[Site "West Bromwich ENG"]
[Date "2004.05.30"]
[Round "8.1"]
[White "Fryer, David"]
[Black "Mercs, Peter J"]
[Result "1-0"]
[WhiteElo "2083"]
[BlackElo "2121"]
[PlyCount "101"]
[EventDate "2004.05.30"]

1. e4 c5 2. Nc3 Nc6 3. g3 g6 4. Bg2 Bg7 5. d3 e6 6. Be3 d6 7. Qd2 Qa5 8. Nge2
Bd7 9. O-O Nd4 10. Nc1 Ne7 11. f4 Nec6 12. a3 f5 13. Kh1 O-O 14. Qf2 Rab8 15.
Nd1 Ne7 16. c3 Ndc6 17. e5 dxe5 18. Bxc5 exf4 19. gxf4 Qc7 20. d4 b6 21. Bxe7
Nxe7 22. Ne3 Bb5 23. Ne2 Rbd8 24. Rac1 Bh6 25. c4 Ba6 26. Rfd1 Bg7 27. b4 Bb7
28. b5 g5 29. Bxb7 Qxb7+ 30. Ng2 Ng6 31. Qg3 gxf4 32. Nexf4 Nxf4 33. Qxf4 Rf6
34. Rc3 Rg6 35. Rg3 Qf7 36. Nh4 Rxg3 37. hxg3 e5 38. Qg5 Rxd4 39. Rxd4 exd4 40.
Nxf5 Qb7+ 41. Kh2 Qd7 42. Nxg7 Qxg7 43. Qd5+ Qf7 44. Qxd4 Qh5+ 45. Kg2 Qe2+ 46.
Kh3 h5 47. g4 Qf3+ 48. Kh4 Qh1+ 49. Kg5 hxg4 50. Qxg4 Qc1+ 51. Kf6+ 1-0

[Event "4NCL/Div4/SXM vs. NOTT"]
[Site "West Bromwich ENG"]
[Date "2004.05.30"]
[Round "8.2"]
[White "Walker, Andrew N"]
[Black "Prescott, Adam"]
[Result "1/2-1/2"]
[WhiteElo "1968"]
[BlackElo "1712"]
[PlyCount "50"]
[EventDate "2004.05.30"]

1. e4 d6 2. d4 Nf6 3. Nc3 g6 4. Nf3 Bg7 5. Be2 O-O 6. O-O c6 7. a4 Bg4 8. h3
Bxf3 9. Bxf3 Nbd7 10. Be3 Qc7 11. Qd2 a6 12. a5 c5 13. d5 Rfb8 14. Be2 b5 15.
axb6 Rxb6 16. Ra2 Qb8 17. b3 Rb4 18. f3 Rb6 19. Na4 Rb4 20. Nb2 Nh5 21. Rb1
Bxb2 22. Rbxb2 a5 23. Rb1 a4 24. Rba1 Nb6 25. bxa4 Raxa4 1/2-1/2

[Event "4NCL/Div4/SXM vs. NOTT"]
[Site "West Bromwich ENG"]
[Date "2004.05.30"]
[Round "8.3"]
[White "Barraclough, David"]
[Black "Truman, Richard G"]
[Result "0-1"]
[WhiteElo "1720"]
[BlackElo "2023"]
[PlyCount "44"]
[EventDate "2004.05.30"]

1. e4 c5 2. Nf3 d6 3. d4 cxd4 4. Nxd4 Nf6 5. Nc3 a6 6. Bg5 e6 7. f4 Be7 8. Qf3
Qc7 9. O-O-O Nbd7 10. g4 b5 11. Bg2 Bb7 12. Bxf6 Nxf6 13. g5 Nd7 14. Qh5 Nc5
15. f5 g6 16. fxg6 fxg6 17. Qg4 b4 18. Nb1 e5 19. Nb3 Bc8 20. Qg3 Be6 21. N1d2
Rc8 22. Bh3 Nxb3+ 0-1

[Event "4NCL/Div4/SXM vs. NOTT"]
[Site "West Bromwich ENG"]
[Date "2004.05.30"]
[Round "8.4"]
[White "Thompson, Brian"]
[Black "Bucher, Grant"]
[Result "1/2-1/2"]
[WhiteElo "1856"]
[BlackElo "1592"]
[PlyCount "64"]
[EventDate "2004.05.30"]

1. d4 f5 2. Bg5 Nf6 3. Nc3 g6 4. Qd2 d6 5. Nf3 c6 6. e3 Ne4 7. Nxe4 fxe4 8. Ng1
Bg7 9. Ne2 O-O 10. Nc3 d5 11. Be2 Qe8 12. O-O e5 13. f3 h6 14. Bh4 exd4 15.
exd4 e3 16. Qd1 Rf4 17. Bg3 Rxd4 18. Qe1 Bf5 19. Rd1 Bxc2 20. Rxd4 Bxd4 21. Qc1
Bf5 22. Rd1 Bg7 23. Bd3 d4 24. Ne2 Bxd3 25. Rxd3 Qe6 26. Nxd4 Qxa2 27. Qxe3 Na6
28. Qe6+ Qxe6 29. Nxe6 Nb4 30. Rb3 a5 31. Nxg7 Kxg7 32. Bd6 Re8 1/2-1/2

[Event "4NCL/Div4/SXM vs. NOTT"]
[Site "West Bromwich ENG"]
[Date "2004.05.30"]
[Round "8.5"]
[White "Richardson, Joe"]
[Black "Burke, Steven J"]
[Result "1/2-1/2"]
[WhiteElo "1536"]
[BlackElo "1824"]
[PlyCount "166"]
[EventDate "2004.05.30"]

1. e4 d5 2. exd5 Qxd5 3. d4 e5 4. dxe5 Qxd1+ 5. Kxd1 Nc6 6. Bf4 Bf5 7. Nf3
O-O-O+ 8. Nbd2 Bc5 9. Bg3 f6 10. Nh4 Bg4+ 11. f3 Bh5 12. exf6 Nxf6 13. Bb5 Be3
14. Bd3 Bd4 15. Rb1 Nb4 16. a3 Nxd3 17. cxd3 Bb6 18. Kc2 Nd5 19. Nc4 g5 20. Nf5
Bg6 21. Nh6 Ne3+ 22. Nxe3 Bxd3+ 23. Kc3 Bxb1 24. Rxb1 Bxe3 25. Nf7 Rhe8 26.
Nxd8 Rxd8 27. Be1 Rd5 28. Kc2 Kd7 29. Bc3 c5 30. Re1 Bf4 31. g3 Bd6 32. Re2 h5
33. Rd2 Rxd2+ 34. Bxd2 Be7 35. Kd3 b5 36. Ke4 Ke6 37. f4 gxf4 38. gxf4 Bf6 39.
f5+ Kf7 40. Bc1 a5 41. Kd5 c4 42. a4 bxa4 43. Kxc4 a3 44. bxa3 Be5 45. h3 Kf6
46. Bd2 a4 47. Kb4 Kxf5 48. Kxa4 h4 49. Kb5 Ke4 50. a4 Kf3 51. a5 Kg3 52. Be3
Kxh3 53. a6 Bb8 54. Kc6 Kg2 55. Kb7 h3 56. Kxb8 h2 57. a7 h1=Q 58. a8=Q+ Kh2
59. Bf4+ Kg1 60. Qa7+ Kf1 61. Qa6+ Kg2 62. Qc6+ Kg1 63. Qc5+ Kg2 64. Qd5+ Kg1
65. Qd4+ Kg2 66. Qe4+ Kg1 67. Qe3+ Kf1 68. Qc1+ Kg2 69. Qd2+ Kf1 70. Qd3+ Kg2
71. Be5 Qe1 72. Qd5+ Kf1 73. Kc7 Ke2 74. Qc4+ Kf3 75. Qf4+ Ke2 76. Qe4+ Kd1 77.
Qd5+ Qd2 78. Bd4 Ke2 79. Kc6 Qd3 80. Qg2+ Kd1 81. Qg1+ Kd2 82. Qf2+ Kd1 83. Kd5
Qb5+ 1/2-1/2